000 00599nam a22002417a 4500
003 UA-OsUOA
001 52027
007 ta
008 20150525b un ||||| |||| 00| 0 ukr d
100 _aПлужник Є.
090 _a82-1
_bП40
942 _cBK
040 _aUA-OsUOA
_bukr
_cUA-OsUOA
_dUA-OsUOA
245 _aТри збірки
300 _a258 с.
955 _a3
041 _aukr
080 _a82-1
260 _aМюнхен
_c1979
650 7 _2UDC
999 _c432148
_d432148